Ancient Cities - Map Quiz - Statistics

General Stats
  • This quiz has been taken 948 times
  • The average score is 10 of 20
Answers on the Map
Answers color-coded by a green-red scale on the quiz's map according to % correct below.
 
Answer Stats
Answer % Correct
Carthage
86%
Teotihuacan
81%
Petra
77%
Syracuse
73%
Knossos
70%
Thebes
69%
Yinxu
67%
Uruk
57%
Lugdunum
52%
Bactra
50%
Axum
49%
Tikal
49%
Djenné-Djenno
47%
Guayabo de Turrialba
41%
Harappa
41%
Tiwanaku
35%
Venta Icenorum
30%
Meroë
29%
Sarmisegetusa
24%
Caral
20%
No matching quizzes found
Score Distribution
Percent of People with Each Score
Percentile by Number Answered
Your Score History
You have not taken this quiz